| 000 | 02489nam a2200301Ia 4500 | ||
|---|---|---|---|
| 999 |
_c56410 _d56410 |
||
| 001 | 23523 | ||
| 003 | GE_BSU | ||
| 005 | 20260210113135.0 | ||
| 008 | 181216s1987||||ge |||||||||||||| ||geo|| | ||
| 040 | _cGE_BSU | ||
| 041 | _ageo | ||
| 080 | _a94(479.22)"16"(093.3) გ-94 | ||
| 100 |
_aგულბენკიანი, რობერტო _926851 |
||
| 245 |
_aნამდვილი ცნობები საქართველოს დედოფლის ქეთევანის მოწამებრივი სიკვდილის შესახებ / _cრ. გულბენკიანი ; ფრანგულიდან თარგმნეს ი. ტაბაღუამ და ც. ბიბილეიშვილმა ; რედაქტორი ე. მეტრეველი ; წინასიტყვაობა დავით ჟღენტი ; საქართველოს სსრ მეცნიერებათა აკადემია, კ. კეკელიძის სახელობის ხელნაწერთა ინსტიტუტი. |
||
| 264 |
_aთბილისი : _bმეცნიერება, _c1987. |
||
| 300 |
_a81 გვ. : _bილ. ; _c22 სმ. |
||
| 541 | _h2 ლ. | ||
| 653 | _aნამდვილი ცნობები საქართველოს დედოფლის ქეთევანის მოწამებრივი სიკვდილის შესახებ | ||
| 653 | _aქეთევან დედოფალი | ||
| 653 | _aსაქართველოს ისტორიის უცხოური წყაროები | ||
| 700 |
_aტაბაღუა, ი. _eმთარგმნელი _916133 |
||
| 700 |
_aბიბილეიშვილი, ც. _eმთარგმნელი _926852 |
||
| 700 |
_aმეტრეველი, ე. _eრედაქტორი _91788 |
||
| 700 |
_aჟღენტი, დავით _e წინასიტყვაობის ავტორი, რეცენზენტი _926853 |
||
| 700 |
_a ოდიშელი, ჯ. _eრეცენზენტი _926854 |
||
| 710 |
_aსაქართველოს სსრ მეცნიერებათა აკადემია _bკ. კეკელიძის სახელობის ხელნაწერთა ინსტიტუტი _926855 |
||
| 942 |
_cBK _2udc |
||